16_富山県の市町村(ひらがな対応・五十音順) - Statistics

General Stats
  • This quiz has been taken 61 times
  • The average score is 13 of 15
Answer Stats
種類 市町村名 % Correct
富山市
100%
射水市
97%
黒部市
97%
高岡市
97%
砺波市
95%
南砺市
95%
氷見市
95%
舟橋村
90%
小矢部市
87%
魚津市
85%
立山町
79%
滑川市
79%
朝日町
77%
上市町
77%
入善町
69%
No matching quizzes found
Score Distribution
Percent of People with Each Score
Percentile by Number Answered
Your Score History
You have not taken this quiz